How to get a well paid job : (Record no. 135846)

MARC details
000 -LEADER
fixed length control field 00619nam a22002057a 4500
005 - DATE AND TIME OF LATEST TRANSACTION
control field 20170124110251.0
010 ## - LIBRARY OF CONGRESS CONTROL NUMBER
LC control number B-061961
020 ## - INTERNATIONAL STANDARD BOOK NUMBER
Terms of availability 90.00
035 ## - SYSTEM CONTROL NUMBER
System control number B-061961
037 ## - SOURCE OF ACQUISITION
Source of stock number/acquisition Cen Lib/Ret
040 ## - CATALOGING SOURCE
Original cataloging agency DPL
Language of cataloging EN
082 ## - DEWEY DECIMAL CLASSIFICATION NUMBER
Classification number 371.425
Item number HOW
245 ## - TITLE STATEMENT
Title How to get a well paid job :
Remainder of title and reac the top /
260 ## - PUBLICATION, DISTRIBUTION, ETC. (IMPRINT)
Place of publication, distribution, etc Delhi
Name of publisher, distributor, etc Student aid publications
Date of publication, distribution, etc 2001
270 ## - ADDRESS
Address 43-A, Krishna enclave Pkt. A Ashok Vihar phase -III
City Delhi
Postal code 110052
300 ## - PHYSICAL DESCRIPTION
Extent 195p.
Dimensions 21cm(Hb)
650 ## - SUBJECT ADDED ENTRY--TOPICAL TERM
Topical term or geographic name as entry element Career planning
9 (RLIN) 9784
650 ## - SUBJECT ADDED ENTRY--TOPICAL TERM
Topical term or geographic name as entry element Self development
9 (RLIN) 13325
942 ## - ADDED ENTRY ELEMENTS (KOHA)
Source of classification or shelving scheme Dewey Decimal Classification
Koha item type English Books
Classification part 371.425
Call number prefix HOW
Holdings
Withdrawn status Lost status Damaged status Not for loan Home library Current library Date acquired Source of acquisition Cost, normal purchase price Total Checkouts Full call number Barcode Date last seen Copy number Cost, replacement price Price effective from Koha item type
        Central Library Central Library 08/10/2015 Cen Lib/Ret 90.00   371.425 HOW B-061961 08/10/2015 1 90.00 08/10/2015 English Books

© Delhi Public Library
Hit Counter
free hit counter